Quizzes
Events
Quiz Creation
Community
Videos
Private Events
Remove Ads
Sign In
Join for FREE
Feedback
Dark Mode
Quiz Categories
Sports
Geography
Music
Movies
Television
Just For Fun
Miscellaneous
History
Literature
Language
Science
Gaming
Entertainment
Religion
Holiday
For Kids
Quiz Lab
Recent
Popular Today
Quiz Kudos Today
Editor Picks
Curator Picks
Quizzes by...
Day
Popularity
Type
Ratings
Length
Year
Community
Subscriptions
Recent Discussions
Orange Saloon
Badges
Playlists
Quests
Create
Leaderboards
Showdown
Live 5
Trivia Bingo
Activity
Puzzle Library
Sporcle Events
Private Events
Virtual Trivia
Globe League
Become a Host
Pub Owners
SporcleCon
Opinionation
Our Games
Videos
Blog
Mobile Apps
Partnerships
Remove Ads and Go Orange
Feedback
Sports
Athletes
MLB
NBA
NHL
NFL
Soccer
Sports Teams
WWE
NCAA
Football
Premier League
Basketball
Baseball
Hockey
Golf
Tennis
Cricket
Rugby
Auto Racing
Olympics
World Cup
Sports
Athletes
MLB
NBA
NHL
NFL
Soccer
Sports Teams
WWE
NCAA
Football
Premier League
Basketball
Baseball
Hockey
Golf
Tennis
Cricket
Rugby
Auto Racing
Olympics
World Cup
Random Quiz
Search Sporcle
×
Quiz Lab
Quiz Lab
Sports
Premier League
Type in answers that appear in a list
Type in answers that appear in a list
Classic
Best Score? Go Orange.
Every Blackburn Rovers Premier League Goalscorer Stats
Can you name every Blackburn Rovers Premier League Goalscorer & the Season they first scored in?
By
SporcleEXP
10m
104 Questions
144 Plays
144 Plays
144 Plays
Comments
Comments
Give Quiz Kudos
Give Quiz Kudos
-
- Ratings
hide this ad
Replay
Link that replays current quiz
Next Quiz
Link to next quiz in quiz playlist
You Got
0%
They Got
Avg Score
44%
Avg Friend Score
Upgrade to see
Score Distribution
Jump to the score distribution portion of the page
Score
0/104
Timer
10:00
0
Plays Today
Season
Answer
% Correct
1992-
93
Alan Shearer
97.2%
1994-
95
Chris Sutton
92.4%
1998-
99
David Dunn
85.4%
1992-
93
Tim Sherwood
84.7%
1994-
95
Colin Hendry
84%
1993-
94
Graeme Le Saux
83.3%
1997-
98
Damien Duff
82.6%
2001-
02
Andy Cole
82.6%
2004-
05
Morten Gamst Pedersen
81.9%
1996-
97
Per Pedersen
81.3%
1992-
93
Jason Wilcox
79.2%
1992-
93
Kevin Gallacher
78.5%
1992-
93
Stuart Ripley
75.7%
2007-
08
Roque Santa Cruz
75%
1993-
94
Henning Berg
74.3%
2002-
03
Dwight Yorke
72.9%
1995-
96
David Batty
72.2%
2006-
07
Benni McCarthy
71.5%
2001-
02
Tugay
70.1%
2005-
06
David Bentley
69.4%
2011-
12
Yakubu
67.4%
1992-
93
Mike Newell
66%
2006-
07
Chris Samba
66%
1996-
97
Garry Flitcroft
61.8%
2001-
02
Mark Hughes
61.1%
2005-
06
Craig Bellamy
60.4%
2008-
09
Ryan Nelsen
59%
1998-
99
Matt Jansen
58.3%
2006-
07
Jason Roberts
58.3%
2001-
02
Lucas Neill
57.6%
1992-
93
Mark Atkins
56.9%
1992-
93
David May
56.3%
2003-
04
Brett Emerton
55.6%
2005-
06
Robbie Savage
55.6%
1998-
99
Damien Johnson
54.9%
Season
Answer
% Correct
1994-
95
Jeff Kenna
53.5%
1998-
99
Kevin Davies
53.5%
1998-
99
Keith Gillespie
51.4%
2004-
05
Steven Reid
51.4%
1995-
96
Ian Pearce
48.6%
2010-
11
Martin Olsson
47.2%
1994-
95
Paul Warhurst
45.1%
2004-
05
Paul Dickov
45.1%
2002-
03
Martin Taylor
44.4%
2003-
04
Brad Friedel
43.8%
2006-
07
Matt Derbyshire
43.8%
2010-
11
Grant Hanley
43.8%
2002-
03
David Thompson
41.7%
1998-
99
Ashley Ward
41%
2010-
11
Junior Hoilett
41%
2003-
04
Paul Gallagher
40.3%
2003-
04
Jon Stead
40.3%
2002-
03
Craig Short
39.6%
2008-
09
El Hadji Diouf
39.6%
2001-
02
Corrado Grabbi
38.9%
2003-
04
Barry Ferguson
38.9%
2010-
11
Mame Biram Diouf
38.9%
1997-
98
Martin Dahlin
38.2%
2006-
07
Stephen Warnock
37.5%
2009-
10
Steven N'Zonzi
37.5%
2002-
03
Andy Todd
36.1%
2002-
03
Egil Ostenstad
35.4%
1998-
99
Jason McAteer
34.7%
2005-
06
Shefki Kuqi
34%
1995-
96
Lars Bohinen
32.6%
2003-
04
Lorenzo Amoruso
32.6%
1998-
99
Nathan Blake
31.9%
2011-
12
Ruben Rochina
31.3%
2001-
02
Craig Hignett
30.6%
2011-
12
Mauro Formica
30.6%
Season
Answer
% Correct
2011-
12
Scott Dann
30.6%
2009-
10
Nikola Kalinic
29.9%
1995-
96
Graham Fenton
29.2%
1995-
96
Billy McKinlay
28.5%
2008-
09
Keith Andrews
27.1%
1992-
93
Kevin Moran
26.4%
1998-
99
Darren Peacock
26.4%
2006-
07
Shabani Nonda
26.4%
2008-
09
Andre Ooijer
26.4%
1995-
96
Nicky Marker
25.7%
2002-
03
Hakan Sukur
25.7%
2003-
04
Markus Babbel
25.7%
1992-
93
Roy Wegerle
25%
1996-
97
Giorgos Donis
25%
1998-
99
Callum Davidson
25%
2005-
06
Zurab Khizanishvili
24.3%
2011-
12
David Goodwillie
24.3%
2003-
04
Vratislav Gresko
23.6%
2009-
10
Gael Givet
23.6%
2010-
11
Benjani
23.6%
1997-
98
Gary Croft
22.9%
2009-
10
Pascal Chimbonda
22.9%
2003-
04
Dino Baggio
20.1%
1998-
99
Sebastien Perez
18.8%
1992-
93
Gordon Cowans
18.1%
2009-
10
Franco Di Santo
18.1%
2003-
04
Jonathan Douglas
17.4%
1995-
96
Matty Holmes
16.7%
2001-
02
Yordi
16%
2005-
06
Florent Sinama Pongolle
15.3%
2001-
02
Alan Mahon
11.8%
2004-
05
Jay Bothroyd
11.1%
2011-
12
Simon Vukcevic
11.1%
1998-
99
Dario Marcolin
6.9%
Quiz Playlist
Details
Report
Send in Message
Add To Playlist
Classic:
Type in answers that appear in a list
Last Updated: Mar 16, 2017
Quiz Scoreboard
CHALLENGE
Sign Up to Join the Scoreboard
Show All
Scores
Hide
Comments
May contain spoilers
Recently Published
Presidents Visiting Landmarks
by Hejman
History
7m
An Introduction to Baseball
by treessimontrees
Sports
5m
Movies - When Are They Set?
by FPL_Elf
Movies
5m
More to Explore
Quiz From the Vault
Featured Blog Post
Where Did the Easter Bunny Come From?
hide this ad
You Might Also Like...
Tags
Premier League Quiz
Blackburn Rovers
FA Premier
Goal Scorers
Season Goals
Today's Top Quizzes in Sports
Browse Sports
hide this ad
Today's Top Quizzes in Premier League
Browse Premier League
Top Contributed Quizzes in Sports
1
Les meilleurs buteurs des matchs entre le PSG et l’OM
2
2022 World Cup Stars
3
FIFA Club World Cup Champions
4
Les entraîneurs de l'OM et du PSG au 21e siècle
5
Name the Premier League winners with different clubs
6
5-to-1: UK Sports Teams
7
La finale Lions - Afrique du Sud 2021
8
Criteria MLB: Left Handed Sluggers
9
AFC Teams Reveal (Wrong Answers Minefield)
10
England Test cricketers to play under Nasser Hussain
Explore More
Trending Topics
NBA
Kpop
Anime
Harry Potter
Crossword
Marvel
Disney
Pokémon
NFL
Country
Song
WWE
The Office
Puzzle
Soccer
hide this ad
More By:
SporcleEXP
Quiz
Plays
Rating
Category
Featured
Created
Harry Potter Deaths in Order Minefield
3,068,218
4.18
Literature
Jan 27, 2016
Sins, Dwarfs, and Spice Girls
847,260
4.42
Just For Fun
Apr 11, 2012
Ancient History Bunker
708,083
4.28
History
Jan 20, 2014
Movie Posters VI
678,995
4.37
Movies
Nov 12, 2010
Movie Posters VII
621,820
4.44
Movies
Apr 16, 2011
Go to Creator's Profile
Score Distribution
Quiz Creator Spotlight
SporcleEXP
Follow
Send a Message
Quizzes Created
-
Created Quiz Play Count
-
More By This Creator
Popular Quizzes Today
1
Find the US States - No Outlines Minefield
2
Find the Countries of Europe - No Outlines Minefield
3
The Countries of the World
4
Find the US States
5
Popular People in 1961
6
US States
7
Risky Map Clicking: Biggest States A-Z
8
Movies - When Are They Set?
More Sports Quizzes
NBA Top Scoring Trios by Year
Published
Trending Quizzes
Risky Map Clicking: Least Populous States A-Z
1-10 Letter G Words
1-10 Letter F Words
Risky Map Clicking: Next State Alphabetically
Risky Map Clicking: Biggest States A-Z
Recently Updated
Leaping Animals
pecheneg
Reality TV Shows (A-Z)
bhenderson79
Rickey Henderson's Hall of Fame Teammates
pecheneg
Champions League XIs: Arsenal
pecheneg
Quick Pick: Celebrities in WWE's Hall of Fame
aduchscher
A-Z Keypad Blitz II
pecheneg
Multiple Oscar Actors
pecheneg
Mystery Phrase Blitz: Oscar 'Best Actors'
pecheneg
F. Scott Fitzgerald Novels
LTH
Pick 3 Villains
ddd62291
Trending Topics
NBA
Anime
Marvel
Harry Potter
Kpop
Disney
Crossword
The Office
Song
NFL
Pokémon
Country
WWE
Puzzle
Soccer
Your Account Isn't Verified!
In order to create a playlist on Sporcle, you need to verify the email address you used during registration. Go to your
Sporcle Settings
to finish the process.
Report this User
Report this user for behavior that violates our
Community Guidelines
.
Details:
Send Report
Go to the Sporcle.com Mobile Site →
Comments